<?xml version="1.0" encoding="UTF-8"?>
<record
    xmlns:xsi="http://www.w3.org/2001/XMLSchema-instance"
    xsi:schemaLocation="http://www.loc.gov/MARC21/slim http://www.loc.gov/standards/marcxml/schema/MARC21slim.xsd"
    xmlns="http://www.loc.gov/MARC21/slim">

  <leader>00783nam a2200205Ia 4500</leader>
  <controlfield tag="003">IN-BaIIA</controlfield>
  <controlfield tag="008">211028s9999    xx            000 0 eng d</controlfield>
  <datafield tag="040" ind1=" " ind2=" ">
    <subfield code="c">IIA Library</subfield>
  </datafield>
  <datafield tag="080" ind1=" " ind2=" ">
    <subfield code="a">524.5(082.2)</subfield>
    <subfield code="b">INT</subfield>
  </datafield>
  <datafield tag="111" ind1=" " ind2=" ">
    <subfield code="a">symposium on HII Regions</subfield>
    <subfield code="c">Charlottesville, Varginia</subfield>
    <subfield code="d">1967 Dec. 8-11</subfield>
    <subfield code="9">7201</subfield>
  </datafield>
  <datafield tag="245" ind1=" " ind2="0">
    <subfield code="a">Interstellar ionized hydrogen</subfield>
    <subfield code="b">proceedings of a symposium on HII regions, held in Charlottesville, Varginia, December 8-11, 1967</subfield>
    <subfield code="c">edited by Yervant Terzian</subfield>
  </datafield>
  <datafield tag="260" ind1=" " ind2=" ">
    <subfield code="a">New York</subfield>
    <subfield code="b">W. A. Benjamin</subfield>
    <subfield code="c">1968</subfield>
  </datafield>
  <datafield tag="300" ind1=" " ind2=" ">
    <subfield code="a">ix, 774p.</subfield>
  </datafield>
  <datafield tag="650" ind1=" " ind2=" ">
    <subfield code="a">Astronomy and astrophysics thesaurus</subfield>
  </datafield>
  <datafield tag="650" ind1=" " ind2=" ">
    <subfield code="a">HII regions</subfield>
    <subfield code="9">7202</subfield>
  </datafield>
  <datafield tag="650" ind1=" " ind2=" ">
    <subfield code="a">Interstellar matter</subfield>
    <subfield code="9">1189</subfield>
  </datafield>
  <datafield tag="700" ind1=" " ind2=" ">
    <subfield code="a">Terzian, Yervant., ed.</subfield>
    <subfield code="9">7203</subfield>
  </datafield>
  <datafield tag="710" ind1=" " ind2=" ">
    <subfield code="a">National Radio Astronomy Observatory (U.S.)</subfield>
    <subfield code="9">7204</subfield>
  </datafield>
  <datafield tag="942" ind1=" " ind2=" ">
    <subfield code="c">BK</subfield>
  </datafield>
  <datafield tag="999" ind1=" " ind2=" ">
    <subfield code="c">4079</subfield>
    <subfield code="d">4079</subfield>
  </datafield>
  <datafield tag="952" ind1=" " ind2=" ">
    <subfield code="0">0</subfield>
    <subfield code="1">0</subfield>
    <subfield code="4">0</subfield>
    <subfield code="7">0</subfield>
    <subfield code="a">BAN</subfield>
    <subfield code="b">BAN</subfield>
    <subfield code="c">GEN</subfield>
    <subfield code="d">1972-12-27</subfield>
    <subfield code="g">149.75</subfield>
    <subfield code="l">0</subfield>
    <subfield code="o">524.5(082.2)/ INT</subfield>
    <subfield code="p">4551</subfield>
    <subfield code="r">2021-11-05</subfield>
    <subfield code="v">149.75</subfield>
    <subfield code="w">1972-12-27</subfield>
    <subfield code="y">BK</subfield>
    <subfield code="G">Rs. 149.75</subfield>
  </datafield>
</record>
